Представление документа в формате RUSMARC

ПолеНазваниеЗначение
  Тип записи a
  Библиографический уровень m
001 Контрольный номер RU/IS/BASE/344449158
005 Дата корректировки 20201206203955.9
010 Индекс ISBN __
a ISBN 5-7380-0123-0
d Цена 50-00
101 Язык документа 0_
a Язык текста rus
200 Заглавие и сведения об ответственности 1_
a Заглавие Моя библиотека
f Первые сведения об ответственности М. И. Рудомино ; подгот. текста, коммент. А. В. Рудомино
b Общее обозначение материала Текст
210 Выходные данные __
a Место издания М.
c Издательство Рудомино
d Дата издания 2000
215 Физическое описание __
a Объем 304 с.
c Иллюстрации/тип воспроизводства фот.
300 Общие примечания __
a Общие примечания Указ. имен: с. 300-303
330 Аннотация __
a Аннотация Книга посвящена истории жизни М. И. Рудомино, основательницы и первого директора Всероссийской государственной библиотеки иностранной литературы.
600 Персоналии __
a Персоналии (Фамилия) Рудомино, М. И.
c Дополнение к имени библиотечный деятель
f Даты 1900-1990
g Полное имя Маргарита Ивановна
606 Тематические рубрики __
a Основная рубрика Библиотечное дело
a Основная рубрика История библиотечного дела
y Географическая подрубрика Россия
610 Ключевые слова __
a Ключевые слова персоналии; профессии; библиотеки; библиотекари; ВГИБЛ; биографии; библиотечная работа; руководители; директора; дневники; письма; воспоминания
686 Индексы других классификаций __
a Классификационный индекс 78.33д
700 Автор _1
a Фамилия Рудомино
b Имя М. И.
g Полное личное имя Маргарита Ивановна
4 Код отношения 070
702 Вторичная интеллектуальная ответственность _1
a Фамилия Рудомино
b Имя А. В.
4 Код отношения Составитель
4 Код отношения 220
801 Источник записи _0
a Страна RU
b Организация Муниципальное бюджетное учреждение культуры "Централизованная библиотечная система" г. Сургут (Центральная городская библиотека им. А. С. Пушкина)
g Правила каталогизации КиК/Поспелова
801 Источник записи _1
a Страна RU
b Организация Муниципальное бюджетное учреждение культуры "Централизованная библиотечная система" г. Сургут (Центральная городская библиотека им. А. С. Пушкина)
g Правила каталогизации КиК/Поспелова
852 Данные о местонахождении __
j Шифр хранения 78.33д
i Авторский знак Р 83
901 Тип документа __
t Тип документа m
903 Характеристики (МАРС) __
a Дата передачи 20020411
990 Данные о заказе (DOS) __
j Количество экземпляров (DOS) 1
t N записи в КСУ для И/У (DOS) 200204